00391 2200157 4500001002100000005001500021035002000036245003500056100001700091300002800108260004100136082000800177084001400185020002200199990001200221INLIS00000000000307120250930082941 a0010-09250004181 aHanya Dua Mata /cSuprihationo0 aSuprihationo a164 hlm ;c14,5 x 21 cm aSurabaya :bPustaka Mediaguru,c2018 a813 a813 SUP h a978-602-482-359-7 a0755569